[Event "ESP-chT Div Honor 2018"]
[Site "Linares"]
[Date "2018.08.07"]
[Round "2"]
[White "Magem Badals, Jordi"]
[Black "Del Rio de Angelis, Salvador Gabriel"]
[Result "1/2-1/2"]
[WhiteElo "2531"]
[BlackElo "2525"]
[Annotator "TA"]
[PlyCount "83"]
[EventDate "2018.08.06"]
[EventType "team-tourn"]
[EventCountry "ESP"]
[SourceTitle "playchess.com"]
[Source "ChessBase"]
[SourceQuality "1"]

{[%evp 14,83,24,23,25,17,5,-5,-10,-33,-34,-34,-34,-37,-28,-38,-40,-37,-24,-35,0,0,7,0,0,0,11,18,21,0,3,-45,-52,-34,0,-21,-17,-17,-21,-15,-14,-20,-13,-16,0,-18,0,-24,-17,-33,-16,-39,-31,-26,-24,-39,-28,-42,0,0,0,-15,0,-6,0,0,0,0,0,0,0,-7]} 1. e4 d6 2. d4 e5 3. Nf3 exd4 4. Nxd4 Nf6 5. Nc3 Be7 6. g3 Nc6 {C41: Philidor Defence} (6... O-O 7. Bg2 Re8 8. O-O Bf8 9. h3 Nbd7 10. Re1 c5 11. Nf5 Ne5 12. Bg5 h6 13. Bxf6 Qxf6 14. Nd5 Qd8 {½-½ (32) Oparin,G (2602)-Mamedyarov,S (2799) Moscow 2017}) 7. Nxc6 bxc6 8. Bg2 {LiveBook: 17 Games} Ba6 {[#]White has an edge.} 9. e5 $1 {[%mdl 512]} Nd7 (9... dxe5 10. Bxc6+) 10. Bxc6 O-O $1 11. Bb5 $146 ({Predecessor:} 11. f4 Rb8 12. a4 Rb6 13. Bb5 Bxb5 14. axb5 dxe5 {0-1 (68) Kantans,T (2504)-Popovic,D (2521) Dresden 2016}) 11... Bxb5 12. Nxb5 {[%cal Re5d6]} Nxe5 13. O-O Qd7 14. Nc3 c6 15. Bf4 {[#] Black must now prevent Bxe5.} Ng6 16. Be3 Rab8 17. b3 Qh3 18. f3 Rb7 (18... h5 {seems wilder.} 19. Qd2 h4 20. Qg2 Qd7 21. Rae1 Rfe8) 19. Qd2 Qf5 20. Rae1 Rd8 21. Ne2 d5 22. c3 c5 23. Rd1 Qe6 24. Nf4 Nxf4 25. Bxf4 Rbd7 26. Rfe1 Qc6 27. Kg2 h6 28. h4 Bf6 29. Be5 Be7 30. Qc2 a5 31. Re2 a4 32. Rde1 axb3 33. axb3 Bf8 34. Bf4 Rb7 35. Rb1 Re8 36. Rxe8 {The position is equal.} Qxe8 37. Rd1 Qe6 38. Rd2 Rd7 39. Re2 Qb6 40. Re8 Rd8 41. Rxd8 Qxd8 42. Qd3 {Precision: White = 40%, Black = 58%.} 1/2-1/2

[Event "ESP-chT Div Honor 2018"]
[Site "Linares"]
[Date "2018.08.07"]
[Round "2"]
[White "Santos Ruiz, Miguel"]
[Black "Muzychuk, Anna"]
[Result "1/2-1/2"]
[WhiteElo "2517"]
[BlackElo "2564"]
[Annotator "TA"]
[PlyCount "48"]
[EventDate "2018.08.06"]
[EventType "team-tourn"]
[EventCountry "ESP"]
[SourceTitle "playchess.com"]
[Source "ChessBase"]
[SourceQuality "1"]

{[%evp 30,48,0,-6,16,6,19,6,10,5,17,5,6,8,24,0,4,0,20,0,8]} 1. d4 d5 2. c4 c6 3. Nf3 Nf6 4. Nc3 e6 5. e3 Nbd7 6. Qc2 Bd6 7. b3 O-O 8. Be2 b6 9. O-O Bb7 10. Bb2 Qe7 11. Rad1 Rad8 12. Rfe1 Rfe8 13. Bf1 {D45: Semi-Slav: 5 e3} (13. e4 Nxe4 14. Nxe4 dxe4 15. Qxe4 Bb4 16. Rf1 Bd6 17. Rfe1 Bb4 18. Rf1 Bd6 19. Rfe1 Bb4 {½-½ (19) Radjabov,T (2748)-Carlsen,M (2843) Shamkir 2018}) 13... e5 14. dxe5 Nxe5 15. Nxe5 Bxe5 16. cxd5 {LiveBook: 7 Games} Qc5 {[%cal Rc6d5]} 17. Qd2 h6 {[%cal Rf6d5] [#]} ({Much worse is} 17... Nxd5 $6 18. Na4 $16) 18. Na4 $146 ({Predecessor:} 18. Rc1 Nxd5 19. Nxd5 Qxd5 20. Qxd5 Rxd5 21. Bxe5 Rexe5 {½-½ (60) Lei,T (2531)-Gelfand,B (2697) Caleta 2018}) 18... Qxd5 19. Qxd5 Rxd5 20. Bxe5 Rexe5 21. Nc3 Rc5 22. Na4 Rcd5 {The position is equal.} 23. Nc3 Rc5 24. Na4 Rcd5 1/2-1/2

[Event "ESP-chT Div Honor 2018"]
[Site "Linares"]
[Date "2018.08.07"]
[Round "2"]
[White "Korneev, Oleg"]
[Black "Perez Candelario, Manuel"]
[Result "1-0"]
[WhiteElo "2513"]
[BlackElo "2611"]
[Annotator "TA"]
[PlyCount "73"]
[EventDate "2018.08.06"]
[EventType "team-tourn"]
[EventCountry "ESP"]
[SourceTitle "playchess.com"]
[Source "ChessBase"]
[SourceQuality "1"]

{[%evp 25,73,18,33,37,45,14,45,31,58,44,58,25,64,41,124,139,104,79,144,119,133,126,123,113,107,109,147,138,171,182,188,194,208,192,252,223,256,257,349,364,818,822,29987,29988,29988,29989,29989,29990,29989,359]} 1. e4 e5 2. Nf3 Nc6 3. Bb5 a6 4. Ba4 Nf6 5. O-O Be7 6. Re1 b5 7. Bb3 d6 8. c3 O-O 9. h3 Bb7 10. d4 Nd7 {C92: Closed Ruy Lopez: 9...Be6, Karpov and Flohr-Zaitsev Variations} (10... Re8 11. a4 Bf8 12. Bg5 h6 13. Bxf6 Qxf6 14. Bd5 Rab8 15. Na3 exd4 16. axb5 axb5 17. cxd4 Nb4 18. Bxb7 Rxb7 19. d5 Na6 {1-0 (80) Sutovsky,E (2647)-Kovalev,V (2650) Poikovsky 2018}) 11. a4 Na5 12. Bc2 c5 13. d5 Kh8 {LiveBook: 3 Games} 14. b4 Nc4 15. Nbd2 $146 ({Predecessor:} 15. Nfd2 Nxd2 16. Bxd2 f5 17. exf5 Bxd5 18. bxc5 dxc5 19. Be3 Nf6 20. Nd2 {½-½ (41) Nayhebaver,M (2440)-Kozak,A (2428) Balatonszarszo 2017}) 15... Nxd2 16. Bxd2 f5 17. exf5 c4 18. Bc1 a5 19. bxa5 bxa4 (19... Rxa5 $14 20. Rb1 Qa8) 20. Rxa4 $16 Rxa5 {[#]} 21. Ng5 $1 {[%cal Rg5h7][%mdl 512] Threatens to win with Nxh7!} Rxd5 (21... Rxa4 $142 22. Ne6 (22. Bxa4 Nc5 $11) 22... Qc8 23. Bxa4 Rf7) (21... Bxg5 22. Bxg5) 22. Qh5 {[%csl Gg5][%cal Rh5h7]} Bxg5 23. Bxg5 $40 {[%mdl 128] White has strong attack.} Nf6 24. Bxf6 Qxf6 25. Rb1 $1 {[%cal Rb1b7]} ({Resist} 25. Rxc4 e4 $14) 25... Bc6 26. Rxc4 Be8 {[#]} 27. Qf3 $1 {[%cal Rf3d5]} Rd2 {[#]} 28. Be4 $1 Bf7 29. Rc6 Qe7 (29... Qh4 $142) 30. Qe3 Ra2 31. Rd1 Rd8 32. Qb6 {aiming for Rc7.} d5 $2 (32... Bg8 33. Rcxd6 Rxd6 34. Rxd6 Qh4) 33. Rc7 $18 Rd7 34. Rc8+ {White mates.} Bg8 35. Bxd5 Rxd5 36. Rxd5 Qg5 37. Rxg8+ $2 {Precision: White = 89%, Black = 30%.} (37. g3 {mates} Qxf5 38. Rdd8 Ra1+ 39. Kh2 Qxc8 40. Rxc8 h5 41. Qe6 Rh1+ 42. Kxh1) 1-0

[Event "ESP-chT Div Honor 2018"]
[Site "Linares"]
[Date "2018.08.07"]
[Round "2"]
[White "Vega Gutierrez, Sabrina Neide"]
[Black "Ubilava, Elizbar"]
[Result "1/2-1/2"]
[WhiteElo "2390"]
[BlackElo "2485"]
[Annotator "TA"]
[PlyCount "111"]
[EventDate "2018.08.06"]
[EventType "team-tourn"]
[EventCountry "ESP"]
[SourceTitle "playchess.com"]
[Source "ChessBase"]
[SourceQuality "1"]

{[%evp 26,111,70,58,72,46,124,50,50,46,38,31,27,26,22,27,37,33,23,0,7,-52,16,-42,-38,-51,-57,-51,0,0,0,0,0,-41,-53,-97,-97,-105,-100,-145,-170,-156,-163,-215,-203,-206,-200,-177,-160,-231,-227,-219,-212,-220,-210,-199,-183,-143,-117,-135,-112,-115,-108,-114,-115,-116,-106,-140,0,0,0,0,0,0,0,0,0,0,0,0,0,0,0,0,0,0,0,0]} 1. d4 Nf6 2. c4 d6 3. Nc3 e5 4. Nf3 Nbd7 5. e4 Be7 6. Be2 O-O 7. O-O c6 8. Qc2 Re8 9. Be3 a6 10. h3 b5 11. a3 Bb7 12. Rfd1 Qc7 13. Rac1 {A55: Old Indian Defence with Nf3 and e4} Rac8 14. b4 {LiveBook: 3 Games} Bf8 15. cxb5 $146 {White is better.} ({Predecessor:} 15. dxe5 Nxe5 16. Nxe5 dxe5 17. Qb3 Qb8 18. f3 h6 19. a4 a5 20. c5 bxa4 21. Nxa4 axb4 22. Qxb4 {1-0 (61) Shishkin,V (2496)-Ionescu,M (2339) Olanesti 2012}) 15... cxb5 (15... exd4 $1 $14 16. Rxd4 (16. Nxd4 cxb5 17. Qb2 Qb8 $14) 16... cxb5) 16. Qa2 (16. d5 $1 $16) 16... Qd8 17. dxe5 dxe5 18. Ng5 Qe7 19. Nd5 Nxd5 20. exd5 {[%cal Be4d5,Bd5d6][%mdl 32]} Nf6 $1 {Threatening ...Rxc1.} 21. d6 Qd7 22. Bc5 {Hoping for Nxf7!} Bc6 23. f3 (23. Nf3 $11) 23... g6 ({Black should play} 23... h6 $15 24. Ne4 Bxe4 25. fxe4 Re6) 24. Bd3 (24. a4 $1 $11) 24... Bd5 $15 25. Qf2 Bxd6 26. Be4 Bxc5 (26... Bxe4 $1 $15 27. Nxe4 Nxe4 28. fxe4 Rc6) 27. Rxc5 $11 Qe7 $36 {[%mdl 2048] Black fights for an advantage.} 28. Bxd5 Nxd5 29. Rdxd5 (29. Ne4 {is interesting.} Rxc5 30. Qxc5 Nf4 31. Rd6 Kg7 32. Rxa6 Qxc5+ 33. bxc5 Rc8 34. Ra7) 29... Qxg5 30. Qe2 Rxc5 31. Rxc5 $17 {[%mdl 4096] Endgame KQR-KQR} Qf4 32. Qd3 Qd4+ 33. Qxd4 exd4 $19 {KR-KR} 34. Rd5 {[#]} (34. Kf2 $142) 34... Re3 $1 35. Rxd4 Rxa3 36. Kf2 Ra2+ 37. Kg3 {[#]} (37. Kf1 $17 {keeps fighting.}) 37... Kg7 $1 38. h4 h5 39. Rf4 Rc2 40. Rd4 Kf6 41. Rd6+ Kf5 42. Rxa6 Rc4 43. Rb6 Rxb4 44. Kf2 Rb2+ ({Don't do} 44... Rxh4 45. Rxb5+ Kf6 46. g4 $15) 45. Ke3 Rb3+ 46. Kf2 b4 (46... Ke5 $17 47. Rb7 f6 48. Re7+ Kf5) 47. Rb5+ $11 {The position is equal.} Ke6 48. g4 $1 f5 49. gxf5+ gxf5 50. Kg3 Rb1 51. Kf4 b3 52. Rxf5 Kd6 53. Rxh5 Kc6 {White must now prevent ...b2.} 54. Rh8 Kc7 {...Rc1 is the strong threat.} 55. Rh5 Kc6 56. Rh8 {Precision: White = 52%, Black = 66%.} 1/2-1/2